MARC details
| 000 -CABECERA |
| campo de control de longitud fija |
00970nam a22002897a 4500 |
| 003 - IDENTIFICADOR DEL NÚMERO DE CONTROL |
| campo de control |
MX-MxUPN |
| 005 - FECHA Y HORA DE LA ÚLTIMA TRANSACCIÓN |
| campo de control |
20240914063746.0 |
| 008 - ELEMENTOS DE LONGITUD FIJA--INFORMACIÓN GENERAL |
| campo de control de longitud fija |
240823s1976 mx d|||gr|||| 00| 0 spa d |
| 020 ## - NÚMERO INTERNACIONAL NORMALIZADO PARA LIBROS |
| Número Internacional Estándar del Libro |
9682402689 |
| 040 ## - FUENTE DE LA CATALOGACIÓN |
| Centro catalogador/agencia de origen |
MX-MxUPN |
| Centro/agencia modificador |
MX-MxUPN |
| Lengua de catalogación |
spa |
| 041 ## - CÓDIGO DE IDIOMA |
| Código de lengua del texto/banda sonora o título independiente |
spa |
| 050 #4 - SIGNATURA TOPOGRÁFICA DE LA BIBLIOTECA DEL CONGRESO |
| Número de clasificación |
HF5549 |
| Número de documento/Ítem |
A72 1976 |
| 245 00 - MENCIÓN DE TÍTULO |
| Título |
Administración de recursos humanos |
| 250 ## - MENCIÓN DE EDICIÓN |
| Mención de edición |
Segunda edición |
| 260 ## - PUBLICACIÓN, DISTRIBUCIÓN, ETC. |
| Lugar de publicación, distribución, etc. |
México, D.F. : |
| Nombre del editor, distribuidor, etc. |
Editorial Trillas, |
| Fecha de publicación, distribución, etc. |
1976. |
| 300 ## - DESCRIPCIÓN FÍSICA |
| Extensión |
525 páginas : |
| Otras características físicas |
gráficas |
| 490 0# - MENCIÓN DE SERIE |
| Mención de serie |
Biblioteca de ciencias de la administración |
| 504 ## - NOTA DE BIBLIOGRAFÍA, ETC. |
| Nota de bibliografía, etc. |
Incluye bibliografía. |
| 650 #4 - ASIENTO SECUNDARIO DE MATERIA - TERMINO TEMATICO |
| Término de materia o nombre geográfico como elemento de entrada |
Administración |
| Subdivisión de forma |
Manuales |
| 9 (RLIN) |
426 |
| 650 #2 - ASIENTO SECUNDARIO DE MATERIA - TERMINO TEMATICO |
| 9 (RLIN) |
23676 |
| Término de materia o nombre geográfico como elemento de entrada |
Recursos humanos |
| Subdivisión general |
Administración |
| 650 #2 - ASIENTO SECUNDARIO DE MATERIA - TERMINO TEMATICO |
| 9 (RLIN) |
487 |
| Término de materia o nombre geográfico como elemento de entrada |
Administración de personal |
| 650 #4 - ASIENTO SECUNDARIO DE MATERIA - TERMINO TEMATICO |
| 9 (RLIN) |
9354 |
| Término de materia o nombre geográfico como elemento de entrada |
Psicología industrial |
| 700 1# - ASIENTO SECUNDARIO--NOMBRE DE PERSONAL |
| 9 (RLIN) |
28747 |
| Nombre de persona |
Arias Galicia, L. Fernando |
| Término indicativo de función/relación |
coordinación |
| 775 0# - ENTRADA/ENLACE A OTRA EDICIÓN |
| Título |
Administración de recursos humanos |
| 902 ## - ELEMENTOS DE DATOS B LOCAL, LDB (RLIN) |
| Creó |
MarisolLicea/23082024 |
| Modificó |
MaríaRobles/130924 |
| 942 ## - ELEMENTOS DE PUNTO DE ACCESO ADICIONAL (KOHA) |
| Fuente del sistema de clasificación o colocación |
Library of Congress Classification |
| Tipo de ítem Koha |
Libro |
| Suprimir en OPAC |
No |